Infrastructure in Latin America and the Caribbean recent developments and key challenges
Na minha lista:
| Autor principal: | |
|---|---|
| Outros Autores: | |
| Formato: | Livro |
| Idioma: | inglês |
| Publicado em: |
Washington, D.C.
<The> World Bank
2007
|
| Colecção: | Directions in development
|
| Assuntos: | |
| Tags: |
Sem tags, seja o primeiro a adicionar uma tag!
|
MARC
| LEADER | 00000nam$a2200000$$$4500 | ||
|---|---|---|---|
| 001 | 0049856 | ||
| 005 | 20240315115449.6 | ||
| 020 | |a 0-8213-6676-9 | ||
| 020 | |a 978-0-8213-6676-9 | ||
| 041 | 0 | |a eng | |
| 044 | |a US | ||
| 245 | 1 | 0 | |a Infrastructure in Latin America and the Caribbean |b recent developments and key challenges |c Marianne Fay and Mary Morrison |
| 264 | 1 | |a Washington, D.C. |b <The> World Bank |c 2007 | |
| 300 | |a 130 s. | ||
| 490 | 1 | |a Directions in development | |
| 830 | 0 | |a Directions in development | |
| 610 | 2 | 0 | |a krajiny rozvojové |
| 610 | 2 | 0 | |a infraštruktúra |
| 610 | 2 | 0 | |a výdavky |
| 610 | 2 | 0 | |a výdavky na potreby sociálne |
| 610 | 2 | 0 | |a sektor súkromný |
| 610 | 2 | 0 | |a sektor štátny |
| 610 | 2 | 0 | |a chudoba |
| 610 | 2 | 0 | |a nerovnosť |
| 610 | 2 | 0 | |a investície súkromné |
| 610 | 2 | 0 | |a štát |
| 610 | 2 | 0 | |a regulácia |
| 610 | 2 | 0 | |a náklady |
| 610 | 2 | 0 | |a redistribúcia |
| 610 | 2 | 0 | |a vývoj hospodársky |
| 610 | 2 | 0 | |a politika hospodárska |
| 610 | 2 | 0 | |a Latinská Amerika |
| 610 | 2 | 0 | |a Karibská oblasť |
| 100 | 1 | |a Fay, Marianne | |
| 700 | 1 | |a Morrison, Mary | |